Timeshares : not such a bad thing? (Record no. 6280)
[ view plain ]
| 000 -LEADER | |
|---|---|
| fixed length control field | 01032cab a2200205 4500 |
| 001 - CONTROL NUMBER | |
| control field | ABS38333 |
| 008 - FIXED-LENGTH DATA ELEMENTS--GENERAL INFORMATION | |
| fixed length control field | 090401t1987 xxu||||| |||| 00| 0 eng d |
| 035 ## - SYSTEM CONTROL NUMBER | |
| System control number | (Sirsi) u9988 |
| 041 ## - LANGUAGE CODE | |
| Language code of text/sound track or separate title | eng |
| 100 ## - MAIN ENTRY--PERSONAL NAME | |
| Personal name | Anderson, D. |
| 245 ## - TITLE STATEMENT | |
| Title | Timeshares : not such a bad thing? |
| 260 ## - PUBLICATION, DISTRIBUTION, ETC. | |
| Date of publication, distribution, etc. | 1987 |
| 350 ## - PRICE (NR) (BK AM CF MU VM SE) [OBSOLETE] | |
| Price | 0 |
| 490 ## - SERIES STATEMENT | |
| Series statement | Solicitors` Journal |
| Volume/sequential designation | 131(41) 9 October 1987, 1342-1343(2) |
| 520 ## - SUMMARY, ETC. | |
| Summary, etc. | Suggests that timesharing has suffered from a bad press which is unjustified. Reviews the various types of legal structure which might be used by UK developers, the most common of which is the club/trustee structure whereby each purchaser becomes a member of a genuine club and the property being timeshared is conveyed to a custodian trustee who holds the property for the club and the members from time to time. Also considers management arrangements and concludes by noting the setting up of the Timeshare Developers Association . |
| 650 ## - SUBJECT ADDED ENTRY--TOPICAL TERM | |
| Topical term or geographic name entry element | OVERSEAS |
| 690 ## - LOCAL SUBJECT ADDED ENTRY--TOPICAL TERM (OCLC, RLIN) | |
| Topical term or geographic name as entry element | PROPERTY LAW AND PRACTICE |
| 942 ## - ADDED ENTRY ELEMENTS (KOHA) | |
| Suppress in OPAC | 0 |
| 948 ## - LOCAL PROCESSING INFORMATION (OCLC); SERIES PART DESIGNATOR (RLIN) | |
| c (OCLC) | 04/03/1997 |
| Withdrawn status | Lost status | Source of classification or shelving scheme | Damaged status | Not for loan | Home library | Current library | Shelving location | Date acquired | Total Checkouts | Full call number | Barcode | Date last seen | Copy number | Price effective from | Koha item type |
|---|---|---|---|---|---|---|---|---|---|---|---|---|---|---|---|
| Dewey Decimal Classification | London | London | Journal article | 14/09/1999 | ABS38333 | 9988-1001 | 06/08/2019 | 1 | 06/08/2019 | Journal article |